书目信息 |
| 题名: |
传热与传质分析
|
|
| 作者: | 埃克特 , Eckert , 德雷克 , Drake 著 ;航青 译 | |
| 分册: | ||
| 出版信息: | 北京 科学出版社 1983 |
|
| 页数: | 845页 | |
| 开本: | 21cm | |
| 丛书名: | ||
| 单 册: | ||
| 中图分类: | O55 | |
| 科图分类: | ||
| 主题词: | 热学 , 分子运动论 | |
| 电子资源: | ||
| ISBN: | ||
| 000 | 00848nam0 2200301 45 | |
| 001 | 0183000659 | |
| 005 | 20040518092717.1 | |
| 010 | @dCNY4.95 | |
| 091 | @a15031.485 | |
| 100 | @a19950725d1983 em y0chiy0121 ea | |
| 101 | 1 | @achi@ceng |
| 102 | @aCN@b110000 | |
| 105 | @ay z 000yy | |
| 106 | @ar | |
| 200 | 10 | @a传热与传质分析@Achuan re yu chuan zhi fen xi@f(美)埃克特(E.R.G.Eckert),(美)德雷克(R.M.Drake)著@g航青译 |
| 210 | @a北京@c科学出版社@d1983 | |
| 215 | @a845页@d21cm | |
| 606 | 0 | @a热学 |
| 606 | 0 | @a分子运动论 |
| 690 | @aO55 | |
| 701 | 1 | @a埃克特@Aai ke te@bE.R.G.@4著 |
| 701 | A1 | @aEckert@bE.R.G.@4著 |
| 701 | 1 | @a德雷克@Ade lei ke@bR.M.@4著 |
| 701 | A1 | @aDrake@ADrake@bR.M.@4著 |
| 702 | 0 | @a航青@Ahang qing@4译 |
| 801 | 0 | @aCN@b上海图书馆@c20040518 |
| 801 | 2 | @aCN@bNLC@c20040518 |
| 905 | @f2@b146549-550@dO55@e10 | |
| 传热与传质分析/(美)埃克特(E.R.G.Eckert),(美)德雷克(R.M.Drake)著/航青译.-北京:科学出版社,1983 |
| 845页;21cm |
| ISBN :CNY4.95 |
| ● |
| 相关链接 |
|
|
|
|
正题名:传热与传质分析
索取号:O55/10
 
预约/预借
| 序号 | 登录号 | 条形码 | 馆藏地/架位号 | 状态 | 备注 |
| 1 | 0146549 | 001453778 | 第三借阅区/ [索取号:O55/10] | 在馆 | |
| 2 | 0146550 | 001453723 | 第三借阅区/ [索取号:O55/10] | 在馆 | |
| 3 | 0146551 | 202121426 | 第二样本阅览室/ [索取号:O55/10] | 在馆 |